| 000 | 01076nas a2200253 4500 | ||
|---|---|---|---|
| 001 | BR8802921 | ||
| 003 | BR-BrBNA | ||
| 005 | 20231205091143.0 | ||
| 007 | ta | ||
| 008 | 230509b bl.|||p| |||| 00| 00por d | ||
| 040 |
_aBR-BrBNA _bpor _cBiblioteca Nacional de Agricultura |
||
| 041 | _a(Pt) | ||
| 072 | _aM11 | ||
| 100 | 1 | _aEsteves, M. das G.V. | |
| 100 | 1 | _aSantos, J.A. dos | |
| 245 | 1 |
_aEstudo do camarao verdadeiro (Penaeus schmitti Burkenroad)capturado na colonia de pescadores da praia da Rosa, Ilha do Governador, Rio de Janeiro, 1: classificacao do desenvolvimento gonadal _bParte de tese |
|
| 246 | 1 | _aStudy of the true shrimp (Penaeus schmitti)captured in Colonia dos Pescadores, Praia da Rosa, Ilha do Governador, Rio de Janeiro, 1: classification of gonadal development | |
| 650 | _aCAMARAO | ||
| 650 | _aMATURIDADE SEXUAL | ||
| 650 | _aRIO DE JANEIRO | ||
| 773 | 0 |
_tArquivos Fluminenses de Medicina Veterinaria (Brazil) _xISSN 0102-7794 _g(Jan-Jun 1986), v. 1(1) p. 15-19 _wBR8802921 |
|
| 909 |
_a202311 _bLúcia _c55 _dLúcia Elande |
||
| 942 |
_2AGRIS _n0 _cANA |
||
| 999 |
_c123184 _d123184 |
||